| 000 | 00629nam a2200169Ia 4500 | ||
|---|---|---|---|
| 008 | 090711s9999 xx 000 0 und d | ||
| 082 | _b57999 | ||
| 100 | _aभावे वासुदेव उाgऎ. | ||
| 245 | _aशीघ्र साहित्यदर्श | ||
| 260 |
_b"केसरी मुद्रणालय," _c1939 |
||
| 300 | _a344 | ||
| 600 | _aभावे वासुदेव उाgऎ. | ||
| 630 | _aशीघ्र साहित्यदर्श | ||
| 700 | _aभावे वासुदेव उाgऎ. | ||
| 730 | _aशीघ्र साहित्यदर्श | ||
| 942 | _cBOOK | ||
| 999 |
_c285494 _d285494 |
||